| 000 | 00982nam a22003017a 4500 | ||
|---|---|---|---|
| 001 | 5006 | ||
| 003 | FISKH | ||
| 005 | 20241031122710.0 | ||
| 008 | 241031b cb ||||| |||| 00| 0 eng d | ||
| 020 | _a9780439332484 | ||
| 040 |
_aFISKH _beng _cFISKH _dFISKH |
||
| 050 | _aPZ7.M639795 | ||
| 082 | _a543 | ||
| 100 | _aMills, Liz | ||
| 245 |
_aThe mystery of the kibble crook / _cAdapted by Liz Mills Illustrated by Gita Lloyd and Eric Binder Based on the Scholastic book series "Clifford The Big Red Dog" by Norman Bridwell |
||
| 250 | _aFirst printing in 2002 | ||
| 260 |
_aNew York : _bScholastic, _c2002. |
||
| 300 |
_a30 pages : _bColor illustrations ; _c23 cm |
||
| 505 | _aJ | ||
| 520 | _aT-Bone eats all of Cleo's new dog food but does not admit it right away. | ||
| 521 | 8 |
_a480L
_bLexile |
|
| 521 | 8 |
_aJ
_bRaz-Plus |
|
| 650 |
_2Mystery _aFiction |
||
| 650 |
_2Animals _aDogs |
||
| 700 |
_aLloyd, Gita _dIllustrator |
||
| 942 |
_2ddc _cBK _n0 |
||
| 999 |
_c5006 _d5006 |
||